| 000 | 00713nam a2200241 a 4500 | ||
|---|---|---|---|
| 001 | BRCA_3745 | ||
| 005 | 20190320204416.0 | ||
| 008 | 150909s1942----mx-a---###---#000-0#spa-# | ||
| 041 | _aspa | ||
| 044 | _amx | ||
| 050 | 4 |
_aF1226 _b.G73 1-5 _c1942 |
|
| 100 | 1 |
_aAlamán, Lucas _d1792-1853 _99756 |
|
| 245 | 1 | 0 |
_aHistoria de Méjico _cLucas Aláman ; edición dirigida por Rafael Aguayo Spencer. |
| 260 |
_aMéxico _bJus _c1942 |
||
| 300 |
_a5 v. _bil. _c23 cm. |
||
| 440 | 0 |
_aGrandes autores mexicanos Lucas Alamán. Obras _v1-5 _99757 |
|
| 500 | _aEjemplar numerado 47 de 500 | ||
| 500 | _aC6 | ||
| 651 | 4 |
_aMéxico _xHistoria _9614 |
|
| 700 | 1 |
_aAguayo Spencer, Rafael _99758 |
|
| 902 | _aGFM | ||
| 942 |
_2lcc _cB |
||
| 999 |
_c3474 _d3474 |
||